MRT Trivia - Statistics

General Stats
  • This quiz has been taken 69 times
  • The average score is 9 of 15
Answer Stats
Hint Answer % Correct
Which is the first station to have 3 different lines? Dhoby Ghaut
89%
Which station has no upper casing letters? one-north
85%
What is the newest line to open? Thomson-East Coast
85%
Which year did SMRT first opened? 1987
81%
What was the first LRT line in Singapore? Bukit Panjang
74%
Which is the only station with a person's full name? Tan Kah Kee
70%
What is the northernmost station? Woodlands North
70%
Which station was the first one completed? Toa Payoh
68%
Which station has the least alphabets? Ubi
60%
Which 2 stations shares the same first word (a surname) but are not side by side? Name that word. Farrer
53%
Which station is the deepest underground? Bencoolen
51%
Which station is closest to Jurong Island? Gul Circle
49%
Which station has the most alphabets? Marina South Pier
45%
Which station has thousands of handprints along its walls? Hougang
26%
Which station is closest to the geographical centre of Singapore? Hillview
9%
No matching quizzes found
Score Distribution
Percent of People with Each Score
Percentile by Number Answered
Your Score History
You have not taken this quiz